LEADER 01109nam0-22003731i-450- 001 990005279370403321 005 20070321110549.0 035 $a000527937 035 $aFED01000527937 035 $a(Aleph)000527937FED01 035 $a000527937 100 $a19990604d1968----km-y0itay50------ba 101 0 $aita 102 $aIT 105 $ay-------001yy 200 1 $a<>SALVEZZA nella Chiesa$eStrutture fondamentali della mediazione salvifica, Karl Ranher, Norbert Greinacher$fHeinz Schuster...[et al] 210 $aRoma$cHerder$cMorcelliana$dc.1968 215 $a192 p.$d22 cm 225 1 $aStudi di teologia pastorale$v1 304 $aTraduzione di Germano Re 610 0 $aTeologia pastorale 676 $a253$v21$zita 702 1$aGrenacher,$bNorbert 702 1$aRahner,$bKarl 702 1$aSchuster,$bHeinz 801 0$aIT$bUNINA$gRICA$2UNIMARC 901 $aBK 912 $a990005279370403321 952 $aIII EE 54$b715$fDCEC 952 $a253 STP 1 (1)$bST.REL. 1651$fFLFBC 959 $aFLFBC 959 $aDCEC 996 $aSALVEZZA nella Chiesa$9537447 997 $aUNINA LEADER 01084cam0-22003971i-450- 001 990002531240403321 005 20120801103410.0 035 $a000253124 035 $aFED01000253124 035 $a(Aleph)000253124FED01 035 $a000253124 100 $a20030910d1956----km-y0itay50------ba 101 0 $aita 102 $aIT 105 $ay-------001yy 200 1 $aEconomia lavorista$eproblemi di lavoro$fCorrado Gini 210 $aTorino$cUTET$d1956 215 $aXV, 321 p.$d25 cm 225 1 $aSociologi ed economisti$v19 610 0 $aTrattazioni di statistica a carattere generale, Biografie 676 $aG/2.0 676 $a331.7$v20$zita 700 1$aGini,$bCorrado$f<1884-1965>$067725 801 0$aIT$bUNINA$gRICA$2UNIMARC 901 $aBK 912 $a990002531240403321 952 $aISVE J2-J6.18$fDECTS 952 $aXXX-C-6$b1025$fMAS 952 $aG/2.0 GIN$b010155$fSES 952 $aXV C 9 (19)$b52865$fFGBC 959 $aDECTS 959 $aMAS 959 $aSES 959 $aFGBC 996 $aEconomia lavorista$9438654 997 $aUNINA LEADER 01406nam--2200397---450- 001 990001152230203316 005 20100709091654.0 010 $a88-7104-394-4 035 $a000115223 035 $aUSA01000115223 035 $a(ALEPH)000115223USA01 035 $a000115223 100 $a20030606d1991----km-y0enga50------ba 101 0 $aita 102 $aIT 105 $ay|||z|||001yy 200 1 $aContributo allo studio della trasformazione e della fusione eterogenea$fAndrea Paciello 210 $aNapoli [etc.]$cEdizioni scientifiche italiane$d1991 215 $a104 p.$d24 cm 225 2 $aQuaderni della rivista di diritto dell'impresa$v2 410 0$12001$aQuaderni della rivista di diritto dell'impresa$v2 606 0 $aSocietà $xFusione 606 0 $aSocietà $xTrasformazione 676 $a346.06626 700 1$aPACIELLO,$bAndrea$0405283 801 0$aIT$bsalbc$gISBD 912 $a990001152230203316 951 $aXXV.3. Coll. 19/ 3 (COLL PRM 2)$b35784 G.$cXXV.3. Coll. 19/ 3 (COLL PRM)$d00095983 959 $aBK 969 $aGIU 979 $aMARIA$b10$c20030606$lUSA01$h1306 979 $aRENATO$b90$c20030721$lUSA01$h1042 979 $aPATRY$b90$c20040406$lUSA01$h1720 979 $aRSIAV2$b90$c20100709$lUSA01$h0916 996 $aContributo allo studio della trasformazione e della fusione eterogenea$9667465 997 $aUNISA